000 00649naa a22002297a 4500
001 60768
003 132852
005 20201118105746.0
008 ||||||n9999 ||| || ||
041 _aspa
100 _aDuran, Rosalba
245 0 _aLiberalismo, democracia y movimientos sociales :
_bpp.265-280
260 _aBogotá :
_bInstituto Popular de Capacitacion,
_c1997.
300 _app.265-280
562 _e0
650 _aDEMOCRACIA
650 _aIDEOLOGÍAS POLÍTICAS
650 _aLIBERALISMO
650 _aSISTEMAS POLÍTICOS
773 _059687
_aNuevos movimientos politicos entre el ser y el des-encanto
942 _cCHAP
999 _c60768
_d60768